[Event "FRA-chT3 Gr5 "]
[Site "Bretagne"]
[Date "2006.??.??"]
[Round "5.8"]
[White "Labatut, Kelly"]
[Black "Domelevo Entfellner, Jean Baka"]
[Result "0-1"]
[WhiteElo "1440"]
[BlackElo "1760"]
[PlyCount "50"]
[EventDate "2006.??.??"]
[EventType "team"]
[EventRounds "9"]
[EventCountry "FRA"]
[SourceTitle "EXT 2007"]
[Source "ChessBase"]
[SourceDate "2006.11.23"]
[SourceVersion "1"]
[SourceVersionDate "2006.11.23"]
[SourceQuality "1"]

1. e4 c5 2. Nf3 Nc6 3. d4 cxd4 4. Nxd4 e5 5. Nb3 Nf6 6. Bd3 d5 7. f3 dxe4 8. fxe4 Nxe4 9. Qe2 Qh4+ 10. Kf1 Nc5 11. Be3 Bg4 12. Qf2 Qxf2+ 13. Kxf2 Nxd3+ 14. cxd3 0-0-0 15. Nc3 Rxd3 16. Rhe1 f5 17. Kg1 f4 18. Bf2 Bb4 19. Rac1 Kb8 20. Re4 Bf5 21. Rc4 g5 22. Ne2 Rhd8 23. Bc5 Rd1+ 24. Rxd1 Rxd1+ 25. Kf2 Be1+ 0-1